Почвенные процессы и пространственно-временная организация почв

Bibliographic Details
Corporate Author: Российская академия наук (РАН) Институт физико-химических и биологических проблем почвоведения (ИФХиБПП)
Other Authors: Кудеяров В. Н. (редактор)
Summary:Материалы сборника научных трудов посвящены проблемам пространственно-временной организации и функционирования почв в связи с эволюцией почв под влиянием изменений климата и хозяйственной деятельности человека. Рассмотрены закономерности вековой изменчивости почвенных свойств и процессов, состояние микробных сообществ разновозрастных почв степной зоны Восточной Европы; роль палеокриогенеза в формировании почвенного покрова Восточно-Европейской равнины и создании пространственной неоднородности свойств почв; закономерности оксидогенеза, галогенеза, карбонато-образования в различных физико-химических условиях, обусловленных динамикой климата. В связи с антропогенным воздействием на почвенный покров рассмотрены вопросы биогеохимии тяжелых металлов в системе почва-растение, трансформации органических соединений, влияния многолетнего применения удобрений на питательный режим почв, нарушения микробного сообщества почв. Приведены результаты использования методов математического моделирования для оценки биогеохимических циклов азота, углерода, тяжелых металлов. Для научных работников, аспирантов, студентов - почвоведов, географов, экологов, агрохимиков и специалистов в других смежных с почвоведением областях знания.
Language:Russian
Published: Москва, Изд-во ин-та физ.-хим. и биол. проблем почвоведения РАН, 2006
Subjects:
Format: Book
KOHA link:https://koha.lib.tpu.ru/cgi-bin/koha/opac-detail.pl?biblionumber=97325

MARC

LEADER 00000nam0a2200000 4500
001 97325
005 20231031110859.0
010 |a 5020334324 
035 |a (RuTPU)RU\TPU\book\104321 
090 |a 97325 
100 |a 20060525d2006 km y0rusy50 ca 
101 0 |a rus 
102 |a RU 
105 |a a z 001zy 
200 1 |a Почвенные процессы и пространственно-временная организация почв  |f Институт физико-химических и биологических проблем почвоведения РАН; под ред. В. Н. Кудеярова 
210 |a Москва  |c Изд-во ин-та физ.-хим. и биол. проблем почвоведения РАН  |d 2006 
215 |a 568 с.  |c ил. 
320 |a Библиография в конце статей 
330 |a Материалы сборника научных трудов посвящены проблемам пространственно-временной организации и функционирования почв в связи с эволюцией почв под влиянием изменений климата и хозяйственной деятельности человека. Рассмотрены закономерности вековой изменчивости почвенных свойств и процессов, состояние микробных сообществ разновозрастных почв степной зоны Восточной Европы; роль палеокриогенеза в формировании почвенного покрова Восточно-Европейской равнины и создании пространственной неоднородности свойств почв; закономерности оксидогенеза, галогенеза, карбонато-образования в различных физико-химических условиях, обусловленных динамикой климата. В связи с антропогенным воздействием на почвенный покров рассмотрены вопросы биогеохимии тяжелых металлов в системе почва-растение, трансформации органических соединений, влияния многолетнего применения удобрений на питательный режим почв, нарушения микробного сообщества почв. Приведены результаты использования методов математического моделирования для оценки биогеохимических циклов азота, углерода, тяжелых металлов. Для научных работников, аспирантов, студентов - почвоведов, географов, экологов, агрохимиков и специалистов в других смежных с почвоведением областях знания. 
610 1 |a почва 
610 1 |a почвоведение 
610 1 |a генезис 
610 1 |a эволюция 
610 1 |a биологические процессы 
610 1 |a органическое вещество 
610 1 |a физико-химические процессы 
610 1 |a минералогия 
610 1 |a биогеохимические процессы 
610 1 |a гидротермические условия 
610 1 |a почвообразование 
610 1 |a антропогенные изменения 
675 |a 631.4  |v 3 
702 1 |a Кудеяров  |b В. Н.  |4 340 
712 0 2 |a Российская академия наук (РАН)  |b Институт физико-химических и биологических проблем почвоведения (ИФХиБПП)  |c (Пущино)  |c (1999- )  |2 stltpush  |3 (RuTPU)RU\TPU\col\3483 
801 1 |a RU  |b 63413507  |c 20060525  |g PSBO 
801 2 |a RU  |b 63413507  |c 20150203  |g PSBO 
942 |c BK